000 00515nam a2200169Ia 4500
008 090711s9999 xx 000 0 und d
082 _b64467
100 _aओशो रजनीश
245 _aगीतादर्शन अध्याय 3
260 _c1974
300 _a317
600 _aओशो रजनीश
630 _aगीतादर्शन अध्याय 3
700 _aओशो रजनीश
730 _aगीतादर्शन अध्याय 3
942 _cBOOK
999 _c285692
_d285692